000
00211nam a22000977a 4500
999
_c
15766
_d
15766
003
OSt
008
191015b ||||| |||| 00| 0 eng d
100
_a
Vasudevan Nair,M T.
_9
4299
245
_a
Nalukettu
942
_c
BK